DON'T TAP THE GLASS - Album (Tyler, The Creator) - Statistics

General Stats
  • This quiz has been taken 23 times
  • The average score is 7 of 10
Answer Stats
# Title % Correct
1. (feat. Sk8brd) Big Poe
100%
2. Sugar On My Tongue
86%
9. (feat. Yebba) I'll Take Care of You
81%
7. Don't Tap That Glass / Tweakin'
71%
6. Ring Ring Ring
71%
3. Sucka Free
71%
8. (feat. Madison McFerrin) Don't You Worry Baby
67%
10. Tell Me What It Is
67%
5. Stop Playing With Me
62%
4. Mommanem
19%
No matching quizzes found
Score Distribution
Percent of People with Each Score
Percentile by Number Answered
Your Score History
You have not taken this quiz